Statistics for Books by Letter G

Click here to take the quiz!

General Stats

  • This quiz has been taken 32 times
  • The average score is 6 of 13

Answer Stats

HintBook% Correct
It depicts the struggles of young Scarlett O'Hara who must use every means at her disposal to claw her way out of poverty following Sherman's destructive "March to the Sea".Gone With The Wind
90%
Sam-I-Am pesters his friend Guy-Am-I to eat a plate of green eggs and ham.Green Eggs and Ham
87%
A cast of characters living in the fictional towns of West Egg and East Egg on prosperous Long Island in the summer of 1922.The Great Gatsby
83%
Or: Travels into Several Remote Nations of the World. In Four Parts. By Lemuel Gulliver, First a Surgeon, and then a Captain of Several ShipsGulliver's Travels
80%
Follows the childhood and young adult years of Pip a blacksmith's apprentice in a country village.Great Expectations
77%
New York-based writer Nick Dunne (Ben Affleck) and his glamorous wife Amy (Rosamund Pike) present a portrait of a blissful marriage to the public.Gone Girl
60%
Set in a parallel universe, it features the journey of Lyra Belacqua to the Arctic in search of her missing friend and her imprisoned uncle.The Golden Compass
40%
It inspired a 1972 film of the same name.The Godfather
27%
It is the story of the Great Gold Robbery of 1855, a massive gold heist, which takes place on a train travelling through Victorian-era England on 22 May 1855.The Great Train Robbery
27%
An epic poem from ancient Mesopotamia that is often regarded as the earliest surviving great work of literature and the second oldest religious text, after the Pyramid Texts.Gilgamesh
23%
The book is a comedy about the birth of the son of Satan and the coming of the End Times.Good Omens
13%
On the night of a teenage house-wrecking party, one of the protagonists, Karen, falls into a coma.Girlfriend in a Coma
7%
A group of youths exchange heartfelt stories about themselves and fantastical stories of their creation.Generation X
0%

Score Distribution

Percentile by Number Answered

Percent of People with Each Score

Your Score History

You have not taken this quiz